Biblioteca

Vida de San Pablo (Registro nro. 33485)

Detalles MARC
000 -LÍDER
Campo fijo de descripción fija 00641nam a22002297a 4500
001 - NÚMERO DE CONTROL
Campo de control 2720
003 - IDENTIFICADOR DEL NÚMERO DE CONTROL
Campo de control CO-MdFUSB
005 - FECHA Y HORA DE LA ULTIMA TRANSACCIÓN
control field 20171117100310.0
008 - ELEMENTOS DE LONGITUD FIJA -- INFORMACIÓN GENERAL
Campo fijo de descripción fija -- Información general 171117t1972 sp ||||| |||| 00| 0 spa d
040 ## - FUENTE DE CATALOGACIÓN
Agencia de catalogación original CO-MdFUSB
Idioma de catalogación spa
Agencia que realiza la transcripción CO-MdFUSB
Agencia que realiza la modificación CO-MdFUSBC
Convenciones de la descripción rda
041 0# - CÓDIGO DE IDIOMA
Código de idioma para texto/pista de sonido o título separado spa
082 04 - NÚMERO DE CLASIFICACIÓN DECIMAL DEWEY
Número de clasificación G 225.924 S7826w
100 1# - ASIENTO PRINCIPAL--NOMBRE PERSONAL
Nombre personal Stalker, James (1848-1927)
Término relacionador autor
245 #0 - TÍTULO
Título del Material Vida de San Pablo
Mención de responsabilidad, etc. / James Stalker
264 #4 - PRODUCCIÓN, PUBLICACIÓN, DISTRIBUCIÓN, MANUFACTURA, Y COPYRIGHT
Lugar de producción, publicación, distribución, manufactura Miami, FL., USA :
Nombre del productor, publicador, distribuidor Caribe,
Fecha de producción, publicación, distribución, manufactura, o copyright ©1972
300 ## - DESCRIPCIÓN FÍSICA
Extensión 160 Pag
336 ## - TIPO DE CONTENIDO
Fuente rdacontent
Término de tipo de contenido texto
Código de tipo de contenido txt
337 ## - TIPO DE MEDIO
Fuente rdamedia
Nombre del tipo de medio sin mediación
Código del tipo de medio n
338 ## - TIPO DE SOPORTE
Fuente rdacarrier
Nombre del tipo de soporte volumen
Código Tipo de soporte nc
653 ## - TÉRMINO DE INDIZACIÓN - NO CONTROLADO
Término no controlado Pablo (apóstol)
942 ## - TIPO DE MATERIAL (KOHA)
Tipo de Item KOHA Libros General
Existencias
Estado de Material Estado de Perdido Estado de Dañado No para Préstamo Colección Tomo Biblioteca de Origen Biblioteca Permanente Fecha de Adquisición Total de Préstamos Signatura Topográfica Código de Barras Última vez visto Ejemplar/Existencia Fecha de Remplazo Tipo de Material
        Colección General   Biblioteca FUSBC Biblioteca FUSBC 26/11/2004   G 225.924 S7826w 13747 12/12/2019 1 26/01/2016 Libros General

Biblioteca FUSBC | Teléfono: (57+4) 349 88 10 Ext. 141| WhatsApp (+57) 3005338115 
E-mail: biblioteca@unisbc.edu.co | Calle 76 87-14 Robledo Palenque, Medellín, Colombia

Con tecnología Koha